000 00266nam a2200109 a 4500
008 110426s1973|||| d
245 1 0 _aCovetskij Sojuz
260 _bGosudarstvenij komitet CM CCCR
_aMoskva
_c1973
020 _c35.-
041 _arus.
044 _axo
_cSK
999 _c17661
_d17661